The conservation and repair of ecclesiastical buildings (Record no. 97605)
[ view plain ]
| 000 -LEADER | |
|---|---|
| fixed length control field | 02198cam a2200625 4500 |
| 001 - CONTROL NUMBER | |
| control field | J96428 |
| 008 - FIXED-LENGTH DATA ELEMENTS--GENERAL INFORMATION | |
| fixed length control field | 090401t1997 xxu||||| |||| 00| 0 eng d |
| 020 ## - INTERNATIONAL STANDARD BOOK NUMBER | |
| International Standard Book Number | 1900915006 |
| 035 ## - SYSTEM CONTROL NUMBER | |
| System control number | (Sirsi) u91067 |
| 041 ## - LANGUAGE CODE | |
| Language code of text/sound track or separate title | eng |
| 050 ## - LIBRARY OF CONGRESS CALL NUMBER | |
| Classification number | 690.241 |
| -- | 18 |
| 245 #4 - TITLE STATEMENT | |
| Title | The conservation and repair of ecclesiastical buildings |
| 250 ## - EDITION STATEMENT | |
| Edition statement | 4th ed. |
| 260 ## - PUBLICATION, DISTRIBUTION, ETC. | |
| Place of publication, distribution, etc. | Tisbury |
| Name of publisher, distributor, etc. | Cathedral Communications Limited |
| Date of publication, distribution, etc. | 1997 |
| 300 ## - PHYSICAL DESCRIPTION | |
| Extent | 52p. |
| Other physical details | ill. |
| Dimensions | 30cm. |
| 350 ## - PRICE (NR) (BK AM CF MU VM SE) [OBSOLETE] | |
| Price | 5.95 |
| 490 ## - SERIES STATEMENT | |
| Series statement | Building Conservation Directory Special Report |
| Volume/sequential designation | 1 |
| 505 ## - FORMATTED CONTENTS NOTE | |
| Formatted contents note | Telling tales |
| 505 ## - FORMATTED CONTENTS NOTE | |
| Formatted contents note | Grave expectations : the archaeology of crypts and burial grounds |
| 505 ## - FORMATTED CONTENTS NOTE | |
| Formatted contents note | St Mary Abchurch, London : the conservation of the painted dome |
| 505 ## - FORMATTED CONTENTS NOTE | |
| Formatted contents note | Look before you leap |
| 505 ## - FORMATTED CONTENTS NOTE | |
| Formatted contents note | Thinking the unthinkable : planning for a disaster |
| 505 ## - FORMATTED CONTENTS NOTE | |
| Formatted contents note | Introducing electrical services |
| 505 ## - FORMATTED CONTENTS NOTE | |
| Formatted contents note | Dealing with stone decay : the conservation of a medieval chimney flue terminal |
| 505 ## - FORMATTED CONTENTS NOTE | |
| Formatted contents note | Pozzolans for lime mortars |
| 505 ## - FORMATTED CONTENTS NOTE | |
| Formatted contents note | Dry rot |
| 505 ## - FORMATTED CONTENTS NOTE | |
| Formatted contents note | Pews through the ages in Scotland |
| 505 ## - FORMATTED CONTENTS NOTE | |
| Formatted contents note | Historic organs : the conservation of St Helens, Bishopsgate Organ |
| 505 ## - FORMATTED CONTENTS NOTE | |
| Formatted contents note | Planning and control in a nutshell |
| 505 ## - FORMATTED CONTENTS NOTE | |
| Formatted contents note | Isothermal glazing for the protection of stained glass windows |
| 520 ## - SUMMARY, ETC. | |
| Summary, etc. | An annual looking at issues surrounding the conservation and repair of churches which includes a directory of useful orgnaisations, products and services. |
| 650 ## - SUBJECT ADDED ENTRY--TOPICAL TERM | |
| Topical term or geographic name entry element | CHURCHES |
| 650 ## - SUBJECT ADDED ENTRY--TOPICAL TERM | |
| Topical term or geographic name entry element | CONSERVATION |
| 650 ## - SUBJECT ADDED ENTRY--TOPICAL TERM | |
| Topical term or geographic name entry element | BUILT ENVIRONMENT-BUILDING PATHOLOGY-INFESTATION (FUNGAL)-FUNGI-DRY ROT |
| 650 ## - SUBJECT ADDED ENTRY--TOPICAL TERM | |
| Topical term or geographic name entry element | ECCLESIASTICAL BUILDINGS |
| 650 ## - SUBJECT ADDED ENTRY--TOPICAL TERM | |
| Topical term or geographic name entry element | GRAVEYARDS |
| 650 ## - SUBJECT ADDED ENTRY--TOPICAL TERM | |
| Topical term or geographic name entry element | REPAIRS |
| 650 ## - SUBJECT ADDED ENTRY--TOPICAL TERM | |
| Topical term or geographic name entry element | STAINED GLASS |
| 650 ## - SUBJECT ADDED ENTRY--TOPICAL TERM | |
| Topical term or geographic name entry element | STONEWORK |
| 690 ## - LOCAL SUBJECT ADDED ENTRY--TOPICAL TERM (OCLC, RLIN) | |
| Topical term or geographic name as entry element | CONSERVATION |
| 700 ## - ADDED ENTRY--PERSONAL NAME | |
| Personal name | Taylor, Jonathan |
| International Standard Serial Number | Editor |
| 700 ## - ADDED ENTRY--PERSONAL NAME | |
| Personal name | Frankland, Suzanne |
| 700 ## - ADDED ENTRY--PERSONAL NAME | |
| Personal name | Reeve, Jez |
| 700 ## - ADDED ENTRY--PERSONAL NAME | |
| Personal name | Organ, Thomas |
| 700 ## - ADDED ENTRY--PERSONAL NAME | |
| Personal name | Ballard, George |
| 700 ## - ADDED ENTRY--PERSONAL NAME | |
| Personal name | Fowler, Daryl |
| 700 ## - ADDED ENTRY--PERSONAL NAME | |
| Personal name | Lawson-Smith, Peter |
| 700 ## - ADDED ENTRY--PERSONAL NAME | |
| Personal name | Quayle, Nicholas |
| 700 ## - ADDED ENTRY--PERSONAL NAME | |
| Personal name | Gibbons, Pat |
| 700 ## - ADDED ENTRY--PERSONAL NAME | |
| Personal name | Ridout, Brian |
| 700 ## - ADDED ENTRY--PERSONAL NAME | |
| Personal name | Hume, John |
| 700 ## - ADDED ENTRY--PERSONAL NAME | |
| Personal name | Norman, John |
| 942 ## - ADDED ENTRY ELEMENTS (KOHA) | |
| Suppress in OPAC | 0 |
| 948 ## - LOCAL PROCESSING INFORMATION (OCLC); SERIES PART DESIGNATOR (RLIN) | |
| c (OCLC) | 02/02/1999 |
| Withdrawn status | Lost status | Source of classification or shelving scheme | Damaged status | Not for loan | Home library | Current library | Shelving location | Date acquired | Cost, normal purchase price | Total Checkouts | Full call number | Barcode | Date last seen | Date last checked out | Copy number | Cost, replacement price | Price effective from | Koha item type |
|---|---|---|---|---|---|---|---|---|---|---|---|---|---|---|---|---|---|---|
| Dewey Decimal Classification | London | London | Folio | 17/02/1999 | 5.95 | 4 | F690.241 TAY | 30057466 | 06/08/2019 | 02/10/2006 | 1 | 5.95 | 06/08/2019 | Book |